| 000 | 00480nam a2200133 i 4500 | ||
|---|---|---|---|
| 001 | 72618 | ||
| 003 | ES-MaACL | ||
| 007 | t| | ||
| 008 | 040902s1983 sp ||||1| spa d | ||
| 245 | 0 | 3 |
_aEl Gobierno informa _b: sesiones informativas de las Comisiones del Congreso de los Diputados del 3 al 25 de febrero de 1983. |
| 260 |
_a[Madrid] : _bPresidencia del Gobierno, Servicio Central de Publicaciones, _c[1983] |
||
| 300 |
_a733 p. ; _c24 cm. |
||
| 852 |
_aES-MaACL _jL-5572 _bR.106067 |
||
| 999 |
_c72618 _d72618 |
||